| 000 | 00734nam a22001337a 4500 | ||
|---|---|---|---|
| 040 | _cRUA | ||
| 082 | _aAGR CHE 2013 B054 Or.1 | ||
| 100 | _aCHEN, RAKSMEY. | ||
| 245 | _aOccunrence of plant-parasitic nematodes on diferent rice varieties in baray district kompong thom province ការសិក្សាពីវត្តមានណេម៉ាតូតបរាសិតនៅលើពូជដំណាំស្រូវស្រុកខុសគ្នាក្នុងស្រុកបារាយ៍ ខេត្តកំពង់ធំ | ||
| 260 |
_aPhnom Penh _bRUA _c2013 |
||
| 300 |
_aviii; 38p. _bill. _c29cm. |
||
| 856 | _uhttps://drive.google.com/file/d/1bDp0t2KiHo9x5tqJyDpffcNQNcj_QEff/view?usp=sharing | ||
| 942 | _cAGR | ||
| 999 |
_c1275 _d1275 |
||